Monoclonal antibodies : (Record no. 51515)

MARC details
000 -LEADER
fixed length control field 00694nam a2200241Ia 4500
005 - DATE AND TIME OF LATEST TRANSACTION
control field 20260429111933.0
008 - FIXED-LENGTH DATA ELEMENTS--GENERAL INFORMATION
fixed length control field 260429s9999||||xx |||||||||||||| ||und||
020 ## - INTERNATIONAL STANDARD BOOK NUMBER
International Standard Book Number 9781071631270
041 ## - LANGUAGE CODE
Language English
082 ## - DEWEY DECIMAL CLASSIFICATION NUMBER
Classification number 572.7
Item number KEN
100 ## - MAIN ENTRY--PERSONAL NAME
Personal name Kennett, Roger H.
245 #0 - TITLE STATEMENT
Title Monoclonal antibodies :
Remainder of title hybridomas - a new dimension in biological analyses /
Statement of responsibility, etc Roger H. Kennett
250 ## - EDITION STATEMENT
Edition statement 1st ed.
260 ## - PUBLICATION, DISTRIBUTION, ETC. (IMPRINT)
Place of publication, distribution, etc New York :
Name of publisher, distributor, etc Plenum,
Date of publication, distribution, etc 2023.
300 ## - PHYSICAL DESCRIPTION
Extent xxii, 423 p.; hb
650 ## - SUBJECT ADDED ENTRY--TOPICAL TERM
Topical term or geographic name as entry element Biotechnology
650 ## - SUBJECT ADDED ENTRY--TOPICAL TERM
Topical term or geographic name as entry element Immunology
650 ## - SUBJECT ADDED ENTRY--TOPICAL TERM
Topical term or geographic name as entry element Laboratory methods
650 ## - SUBJECT ADDED ENTRY--TOPICAL TERM
Topical term or geographic name as entry element Monoclonal antibodies
700 ## - ADDED ENTRY--PERSONAL NAME
Personal name Bechtol, Kathleen B.
700 ## - ADDED ENTRY--PERSONAL NAME
Personal name McKearn, Thomas J.
942 ## - ADDED ENTRY ELEMENTS (KOHA)
Koha item type Text Books
Holdings
Withdrawn status Lost status Damaged status Not for loan Collection code Home library Location Shelving location Date of Cataloging Source of acquisition Total Checkouts Full call number Barcode Date last seen Price effective from Koha item type
        Non-fiction CUTN Central Library CUTN Central Library Sciences 29/04/2026 T R Publications, Chennai - Invoice No. TRPHO/2025/CRB/185 on 09-02-2026   572.7 KEN 56534 29/04/2026 29/04/2026 Text Books